Bailey and Love's Short Practice of Surgery (Record no. 325)
[ view plain ]
| 000 -LEADER | |
|---|---|
| fixed length control field | 00587nam a22002057a 4500 |
| 003 - CONTROL NUMBER IDENTIFIER | |
| control field | OSt |
| 005 - DATE AND TIME OF LATEST TRANSACTION | |
| control field | 20260310020128.0 |
| 008 - FIXED-LENGTH DATA ELEMENTS--GENERAL INFORMATION | |
| fixed length control field | 140806b xxu||||| |||| 00| 0 eng d |
| 020 ## - INTERNATIONAL STANDARD BOOK NUMBER | |
| International Standard Book Number | 0340808209 |
| 040 ## - CATALOGING SOURCE | |
| Transcribing agency | DLC |
| 082 ## - DEWEY DECIMAL CLASSIFICATION NUMBER | |
| Classification number | WO 100 B 151b 2004 |
| 100 ## - MAIN ENTRY--PERSONAL NAME | |
| Personal name | Editors Russell, R.C.G.; Bulstrode, Christopher J.K.; Williams Norman S. |
| 9 (RLIN) | 13894 |
| 245 ## - TITLE STATEMENT | |
| Title | Bailey and Love's Short Practice of Surgery |
| 250 ## - EDITION STATEMENT | |
| Edition statement | 24th ed. |
| 260 ## - PUBLICATION, DISTRIBUTION, ETC. (IMPRINT) | |
| Place of publication, distribution, etc. | London; |
| Name of publisher, distributor, etc. | Arnold; |
| Date of publication, distribution, etc. | 2004. |
| 300 ## - PHYSICAL DESCRIPTION | |
| Extent | xi, 1522 p. |
| Other physical details | col.ill |
| Dimensions | 29 cm. |
| 504 ## - BIBLIOGRAPHY, ETC. NOTE | |
| Bibliography, etc | Includes index |
| 650 ## - SUBJECT ADDED ENTRY--TOPICAL TERM | |
| Topical term or geographic name as entry element | Surgery |
| 9 (RLIN) | 323 |
| 942 ## - ADDED ENTRY ELEMENTS (KOHA) | |
| Source of classification or shelving scheme | Other/Generic Classification Scheme |
| Koha item type | Book Bank |
| Koha issues (borrowed), all copies | 2 |
| Withdrawn status | Lost status | Source of classification or shelving scheme | Damaged status | Not for loan | Home library | Current library | Date acquired | Source of acquisition | Inventory number | Total Checkouts | Full call number | Barcode | Checked out | Date last seen | Date last checked out | Koha item type |
|---|---|---|---|---|---|---|---|---|---|---|---|---|---|---|---|---|
| Other/Generic Classification Scheme | MUST Main Library | MUST Main Library | 06/08/2014 | Purchase | 06/26580 | 4 | WO100 B151b 2004 | 2014-1882 | 30/04/2026 | 09/03/2026 | 09/03/2026 | Book Bank | ||||
| Other/Generic Classification Scheme | MUST Main Library | MUST Main Library | 06/08/2014 | Purchase | 06/26585 | WO100 B151b 2004 | 2014-1883 | 06/08/2014 | Book Bank | |||||||
| Other/Generic Classification Scheme | MUST Main Library | MUST Main Library | 06/08/2014 | Purchase | 06/26587 | 3 | WO100 B151b 2004 | 2014-1884 | 11/04/2022 | 04/03/2022 | Book Bank | |||||
| Other/Generic Classification Scheme | MUST Main Library | MUST Main Library | 06/08/2014 | Purchase | 06/26578 | 1 | WO100 B151b 2004 | 2014-1885 | 25/11/2019 | 30/10/2019 | Book Bank | |||||
| Other/Generic Classification Scheme | MUST Main Library | MUST Main Library | 06/08/2014 | Purchase | 04/22432 | WO100 B151b 2004 | 2014-1886 | 06/08/2014 | Book Bank | |||||||
| Other/Generic Classification Scheme | MUST Main Library | MUST Main Library | 06/08/2014 | Purchase | 06/26588 | 1 | WO100 B151b 2004 | 2014-1887 | 20/01/2021 | 11/02/2020 | Book Bank | |||||
| Other/Generic Classification Scheme | MUST Main Library | MUST Main Library | 06/08/2014 | Purchase | 06/26581 | WO100 B151b 2004 | 2014-1888 | 06/08/2014 | Book Bank | |||||||
| Other/Generic Classification Scheme | MUST Main Library | MUST Main Library | 06/08/2014 | Purchase | 06/26576 | 1 | WO100 B151b 2004 | 2014-1889 | 27/11/2024 | 18/09/2024 | Book Bank | |||||
| Other/Generic Classification Scheme | MUST Main Library | MUST Main Library | 06/08/2014 | Purchase | 06/26595 | 4 | WO100 B151b 2004 | 2014-1890 | 12/04/2022 | 25/01/2022 | Book Bank | |||||
| Other/Generic Classification Scheme | MUST Main Library | MUST Main Library | 06/08/2014 | Purchase | 04/22424 | WO100 B151b 2004 | 2014-1891 | 06/08/2014 | Book Bank | |||||||
| Other/Generic Classification Scheme | MUST Main Library | MUST Main Library | 06/08/2014 | Purchase | 06/26592 | 5 | WO100 B151b 2004 | 2014-1892 | 21/05/2025 | 15/02/2025 | Book Bank | |||||
| Other/Generic Classification Scheme | MUST Main Library | MUST Main Library | 06/08/2014 | Purchase | 06/26594 | 2 | WO100 B151b 2004 | 2014-1893 | 26/04/2022 | 24/02/2022 | Book Bank | |||||
| Other/Generic Classification Scheme | MUST Main Library | MUST Main Library | 07/08/2014 | Purchase | 06/26591 | WO100 B151b 2004 | 2014-1911 | 07/08/2014 | Book Bank | |||||||
| Other/Generic Classification Scheme | MUST Main Library | MUST Main Library | 07/08/2014 | Purchase | 06/26582 | WO100 B151b 2004 | 2014-1912 | 07/08/2014 | Book Bank | |||||||
| Other/Generic Classification Scheme | MUST Main Library | MUST Main Library | 07/08/2014 | Purchase | 09/31307 | 2 | WO100 B151b 2004 | 2014-1913 | 02/12/2025 | 25/08/2025 | Book Bank | |||||
| Other/Generic Classification Scheme | MUST Main Library | MUST Main Library | 10/05/2016 | Purchase | 06/26589 | WO100 B151b 2004 | 2016-1722 | 10/05/2016 | Short Loan | |||||||
| Other/Generic Classification Scheme | MUST Main Library | MUST Main Library | 10/05/2016 | Purchase | 04/22430 | WO100 B151b 2004 | 2016-1723 | 10/05/2016 | Short Loan | |||||||
| Other/Generic Classification Scheme | MUST Main Library | MUST Main Library | 10/05/2016 | Purchase | 04/22427 | WO100 B151b 2004 | 2016-1756 | 10/05/2016 | Short Loan | |||||||
| Other/Generic Classification Scheme | MUST Main Library | MUST Main Library | 17/02/2021 | Purchase | 06/26590 | 2 | WO 100 B 151b 2004 | 2021-0210 | 19/10/2021 | 29/09/2021 | Book Bank |
